Community Renewables launched (Record no. 69643)
[ view plain ]
| 000 -LEADER | |
|---|---|
| fixed length control field | 01026cam a2200229 4500 |
| 001 - CONTROL NUMBER | |
| control field | WB3808-15 |
| 008 - FIXED-LENGTH DATA ELEMENTS--GENERAL INFORMATION | |
| fixed length control field | 020228n2002 000 0 eng u |
| 035 ## - SYSTEM CONTROL NUMBER | |
| System control number | (Sirsi) u116909 |
| 245 ## - TITLE STATEMENT | |
| Title | Community Renewables launched |
| 260 ## - PUBLICATION, DISTRIBUTION, ETC. | |
| Date of publication, distribution, etc. | 2002 |
| 490 ## - SERIES STATEMENT | |
| Series statement | DTI News Release |
| Volume/sequential designation | (P/2002/133) 28 February 2002, (3) |
| 520 ## - SUMMARY, ETC. | |
| Summary, etc. | Minister for Energy has launched Community Renewables Initiative to help schools, offices and housing developments in England to become more environmentally friendly and help reduce the effects of climate change. The initiative will have local support teams in 10 areas covering half of England, helping local communities devise renewable energy schemes suited to their area. |
| 590 ## - LOCAL NOTE (RLIN) | |
| Local note | WB |
| 650 ## - SUBJECT ADDED ENTRY--TOPICAL TERM | |
| Topical term or geographic name entry element | CLIMATE CHANGE |
| 650 ## - SUBJECT ADDED ENTRY--TOPICAL TERM | |
| Topical term or geographic name entry element | ENVIRONMENTALLY FRIENDLY BUILDINGS |
| 650 ## - SUBJECT ADDED ENTRY--TOPICAL TERM | |
| Topical term or geographic name entry element | SUSTAINABLE DEVELOPMENTS |
| 650 ## - SUBJECT ADDED ENTRY--TOPICAL TERM | |
| Topical term or geographic name entry element | ALTERNATIVE ENERGY |
| 650 ## - SUBJECT ADDED ENTRY--TOPICAL TERM | |
| Topical term or geographic name entry element | RENEWABLE ENERGY |
| 650 ## - SUBJECT ADDED ENTRY--TOPICAL TERM | |
| Topical term or geographic name entry element | LOCAL COMMUNITY |
| 690 ## - LOCAL SUBJECT ADDED ENTRY--TOPICAL TERM (OCLC, RLIN) | |
| Topical term or geographic name as entry element | ENVIRONMENTAL AND LAND CONSULTANCY-ENVIRONMENTAL MANAGEMENT |
| 942 ## - ADDED ENTRY ELEMENTS (KOHA) | |
| Suppress in OPAC | 0 |
| Withdrawn status | Lost status | Source of classification or shelving scheme | Damaged status | Not for loan | Home library | Current library | Shelving location | Date acquired | Total Checkouts | Full call number | Barcode | Date last seen | Copy number | Price effective from | Koha item type |
|---|---|---|---|---|---|---|---|---|---|---|---|---|---|---|---|
| Dewey Decimal Classification | London | London | News article | 28/02/2002 | WB3808-15 | 116909-1001 | 06/08/2019 | 1 | 06/08/2019 | News article |